| 000 | 00668nam a22001937a 4500 | ||
|---|---|---|---|
| 999 |
_c168708 _d168708 |
||
| 005 | 20191021164829.0 | ||
| 010 | _aUR-10540 | ||
| 020 |
_c150.00 _a- |
||
| 035 | _aU-9095 | ||
| 037 |
_bDBAD/PUB _a- |
||
| 082 | _a920 | ||
| 100 | _aر ضو ی سيد عا لم حسين | ||
| 245 |
_aپر و ا ز _cر ضو ی سيد عا لم حسين |
||
| 246 |
_bParwaz (Autobiography) (Urdu) _aby Syed Alim Hussain Rizvi |
||
| 260 |
_aN.Delhi _bM.R.Publications _c2015 ء |
||
| 270 |
_a10,MetropoleMarket,272-25First Floor,Kucha Chelan,Darya Ganj, _bN.Delhi _e110002 _k09450543234 _l- |
||
| 300 |
_a128 ص _c22 Cm(Hb) |
||
| 942 |
_2ddc _cUR _h920 _mر ض و |
||